| 000 | 00756nam a22001937a 4500 | ||
|---|---|---|---|
| 999 |
_c4053 _d4053 |
||
| 001 | 1264 | ||
| 003 | BD-DhUAP | ||
| 005 | 20200318114740.0 | ||
| 008 | 200318t20072002bg a|||| |||| 00| 0 ben d | ||
| 040 |
_aBD-DhUAP _bBen _cBD-DhUAP _dBD-DhUAP |
||
| 082 |
_223 _a378 SCH |
||
| 245 |
_aস্কুল আরো ভালো কী ভাবে করা যায় : _bমাধ্যমিক স্কুল প্রধানদের প্রশিক্ষণ ম্যানুয়েল। |
||
| 260 |
_aঢাকা : _bনায়েম, _cc১৯৯৫। |
||
| 300 |
_a২৩৮ পৃষ্ঠা ; _c২৭ সেমি.। |
||
| 650 |
_aEducation _xSchool. |
||
| 650 | _aEducation. | ||
| 710 | _aইউনেস্কো। | ||
| 942 |
_2ddc _cBK |
||